Guess the NFL players last name - Statistics

General Stats
  • This quiz has been taken 1,227 times
  • The average score is 7 of 11
Answer Stats
HINTS Answer % Correct
Cam Newton
98%
Russell Wilson
92%
Eli Manning
91%
Payton Manning
91%
Antonio Brown
89%
Marshawn Lynch
88%
Odell Beckham
86%
Kelvin Benjamin
41%
Josh Norman
15%
Luke Kuechley
12%
Derek Anderson
8%
No matching quizzes found
Score Distribution
Percent of People with Each Score
Percentile by Number Answered
Your Score History
You have not taken this quiz